| 000 | 01565nam a2200289Ia 4500 | ||
|---|---|---|---|
| 999 |
_c51010 _d51010 |
||
| 001 | 17967 | ||
| 003 | GE_BSU | ||
| 005 | 20250221122300.0 | ||
| 008 | 181216s2013||||ge |||||||||||||| ||geo|| | ||
| 020 | _a9789941060151 | ||
| 040 | _cGE_BSU | ||
| 041 | _ageo | ||
| 080 | _a070(075.8)+070(479.22)+342.732+316.722+659.4+17.022.1ჟ-95 | ||
| 245 |
_aჟურნალისტიკა : _b[სახელმძღვ.] / _cიდეის ავტ. მარინე ვეკუა, ჟილ რუე ; ავტორთა ჯგუფი : მარინე დარსაველიძე, მარინე ვეკუა, ხათუნა კაჭარავა [და სხვ.]. ; მთარგმნ. მაია გუდაძე]. |
||
| 264 |
_aთბილისი : _bმერიდიანი, _c2013. |
||
| 300 |
_a332 გვ. ; _c27 სმ. |
||
| 504 | _aბიბლიოგრ. თავების ბოლოს | ||
| 653 | _aჟურნალისტიკა | ||
| 653 | _aქართული ჟურნალისტიკა | ||
| 653 | _a სიტყვის თავისუფლება | ||
| 653 | _aსაზოგადოებასთან ურთიერთობა | ||
| 653 | _aიმიჯი | ||
| 700 |
_aვეკუა, მარინე _eიდეის ავტორი _924408 |
||
| 700 |
_aრუე, ჟილ _eიდეის ავტორი _924409 |
||
| 700 |
_a გუდაძე, მაია _eმთარგმნელი _924410 |
||
| 942 |
_cBK _2udc |
||